Allgemeine Betriebswirtschaftslehre Texte für das Grundstudium

Gespeichert in:
Bibliographische Detailangaben
Weitere Verfasser: Scheuch, Fritz
Format: Buch
Sprache:Deutsch
Veröffentlicht: Wien Service-Fachverlag 1990
Ausgabe:1. Aufl.
Schlagworte:
Tags: Tag hinzufügen
Keine Tags, Fügen Sie das erste Tag hinzu!

MARC

LEADER 00000nam a2200000 4500
001 c020096
005 20221206122910.2
020 |a 3-85428-170-6 
041 0 |a ger 
044 |a AT 
245 1 0 |a Allgemeine Betriebswirtschaftslehre  |b Texte für das Grundstudium  |c Edit. Fritz Scheuch 
250 |a 1. Aufl. 
264 1 |a Wien  |b Service-Fachverlag  |c 1990 
300 |a 580 s. 
610 2 0 |a hospodárstvo podnikové 
610 2 0 |a výroba 
610 2 0 |a podnik 
610 2 0 |a plánovanie podnikové 
610 2 0 |a dane podnikové 
610 2 0 |a marketing 
610 2 0 |a investície 
610 2 0 |a financovanie podnikov 
610 2 0 |a riadenie podnikové 
610 2 0 |a manažment 
610 2 0 |a organizácia podniku 
610 2 0 |a manažment personálny 
700 1 |a Scheuch, Fritz